Ground water in permafrost regions : (Record no. 30073)
[ view plain ]
| 000 -LEADER | |
|---|---|
| fixed length control field | 01059cam a22002651 4500 |
| 001 - CONTROL NUMBER | |
| control field | gs 65000316 |
| 003 - CONTROL NUMBER IDENTIFIER | |
| control field | DLC |
| 005 - DATE AND TIME OF LATEST TRANSACTION | |
| control field | 20260227111417.0 |
| 008 - FIXED-LENGTH DATA ELEMENTS--GENERAL INFORMATION | |
| fixed length control field | 780720s1965 dcub b f000 0 eng c |
| 010 ## - LIBRARY OF CONGRESS CONTROL NUMBER | |
| LC control number | gs 65000316 |
| 035 ## - SYSTEM CONTROL NUMBER | |
| System control number | (OCoLC)4071134 |
| 040 ## - CATALOGING SOURCE | |
| Original cataloging agency | U.S. Geol. Survey. Libr. |
| Transcribing agency | CLS |
| Modifying agency | OCoLC |
| -- | DLC |
| 042 ## - AUTHENTICATION CODE | |
| Authentication code | premarc |
| 050 00 - LIBRARY OF CONGRESS CALL NUMBER | |
| Classification number | TC801 |
| Item number | .U2 no. 1792 |
| 100 1# - MAIN ENTRY--PERSONAL NAME | |
| Personal name | Williams, John R., |
| Dates associated with a name | 1924- |
| 245 10 - TITLE STATEMENT | |
| Title | Ground water in permafrost regions : |
| Remainder of title | an annotated bibliography / |
| Statement of responsibility, etc. | by John R. Williams. |
| 260 ## - PUBLICATION, DISTRIBUTION, ETC. | |
| Place of publication, distribution, etc. | Washington : |
| Name of publisher, distributor, etc. | U.S. Govt. Print. Off., |
| Date of publication, distribution, etc. | 1965. |
| 300 ## - PHYSICAL DESCRIPTION | |
| Extent | iii, 294 p. : |
| Other physical details | fold. map (in pocket) ; |
| Dimensions | 24 cm. |
| 490 1# - SERIES STATEMENT | |
| Series statement | Geological Survey (U.S.). Water-supply paper |
| Volume/sequential designation | 1792 |
| 501 ## - WITH NOTE | |
| With note | With : Hydrologic conditions near Glendo, Platte County, Wyoming. Washington : U.S. Govt. Print. Off., 1965. Bound together subsequent to publication. |
| Institution to which field applies | DLC |
| 650 #0 - SUBJECT ADDED ENTRY--TOPICAL TERM | |
| Topical term or geographic name entry element | Groundwater |
| Form subdivision | Bibliography. |
| 650 #0 - SUBJECT ADDED ENTRY--TOPICAL TERM | |
| Topical term or geographic name entry element | Permafrost |
| Form subdivision | Bibliography. |
| 650 #0 - SUBJECT ADDED ENTRY--TOPICAL TERM | |
| Topical term or geographic name entry element | Water-supply |
| Form subdivision | Bibliography. |
| 830 #0 - SERIES ADDED ENTRY--UNIFORM TITLE | |
| Uniform title | Water-supply paper (Washington, D.C.) ; |
| Volume/sequential designation | 1792. |
No items available.